<?xml version="1.0" encoding="UTF-8"?><?xml-stylesheet type="text/xsl" href="static/style.xsl"?><OAI-PMH xmlns="http://www.openarchives.org/OAI/2.0/" xmlns:xsi="http://www.w3.org/2001/XMLSchema-instance" xsi:schemaLocation="http://www.openarchives.org/OAI/2.0/ http://www.openarchives.org/OAI/2.0/OAI-PMH.xsd"><responseDate>2026-04-28T02:33:55Z</responseDate><request verb="GetRecord" identifier="oai:riubu.ubu.es:10259/8063" metadataPrefix="marc">https://riubu.ubu.es/oai/request</request><GetRecord><record><header><identifier>oai:riubu.ubu.es:10259/8063</identifier><datestamp>2023-11-23T11:48:10Z</datestamp><setSpec>com_10259_8005</setSpec><setSpec>com_10259_5086</setSpec><setSpec>com_10259_2604</setSpec><setSpec>col_10259_8006</setSpec></header><metadata><record xmlns="http://www.loc.gov/MARC21/slim" xmlns:doc="http://www.lyncode.com/xoai" xmlns:xsi="http://www.w3.org/2001/XMLSchema-instance" xmlns:dcterms="http://purl.org/dc/terms/" xsi:schemaLocation="http://www.loc.gov/MARC21/slim http://www.loc.gov/standards/marcxml/schema/MARC21slim.xsd">
<leader>00925njm 22002777a 4500</leader>
<datafield tag="042" ind1=" " ind2=" ">
<subfield code="a">dc</subfield>
</datafield>
<datafield tag="720" ind1=" " ind2=" ">
<subfield code="a">Pérez Castaños, Sergio</subfield>
<subfield code="e">author</subfield>
</datafield>
<datafield tag="260" ind1=" " ind2=" ">
<subfield code="c">2015</subfield>
</datafield>
<datafield tag="520" ind1=" " ind2=" ">
<subfield code="a">A través de esta nota de investigación se pretende aportar una batería de indicadores que ayuden a medir los conceptos de autonomía y poder en el ámbito local como forma de dibujar la situación actual existente en las municipalidades. A través del desarrollo de cada uno de estos indicadores, se aportarán las unidades de medida y su foco en la investigación de dichos conceptos. Así, se utilizarán elementos de carácter jurídico, económico-financiero y de relaciones intergubernamentales. Para ello, se aportan un total de once indica-dores que establecen una imagen clara de la posible situación de dependencia (o lo contrario) en la que se encuentran  las  municipalidades,  con  sus  consiguientes  ejemplos.  Además,  gracias  a  la  homogeneidad  de  estos indicadores, su utilización permite la realización de perspectivas comparadas con otros países.</subfield>
</datafield>
<datafield tag="520" ind1=" " ind2=" ">
<subfield code="a">The aim of this research note is to provide a set of indicators to help measure the concepts of local autonomy and power as a way of better depicting the current situation in municipalities. Through the development of each of these indicators, the way for measuring those concepts and also the units to measure them would be provided. Thus, to devise these indicators, economic-financial, legal and intergovernmental relations-related elements are used. To do this, a total of eleven indicators are proposed which taken together help to estab-lish a clear picture of the situation of dependence (or opposite) in which municipalities may be, alongside several examples. Also, thanks to the homogeneity of these indicators, they may be utilized comparatively also looking at other countries.</subfield>
</datafield>
<datafield tag="024" ind2=" " ind1="8">
<subfield code="a">1575-6548</subfield>
</datafield>
<datafield tag="024" ind2=" " ind1="8">
<subfield code="a">http://hdl.handle.net/10259/8063</subfield>
</datafield>
<datafield ind1=" " ind2=" " tag="653">
<subfield code="a">Poder local</subfield>
</datafield>
<datafield ind1=" " ind2=" " tag="653">
<subfield code="a">Autonomía</subfield>
</datafield>
<datafield ind1=" " ind2=" " tag="653">
<subfield code="a">Municipio</subfield>
</datafield>
<datafield ind1=" " ind2=" " tag="653">
<subfield code="a">Gestión pública</subfield>
</datafield>
<datafield ind1=" " ind2=" " tag="653">
<subfield code="a">Relaciones Intergubernamentales</subfield>
</datafield>
<datafield ind1=" " ind2=" " tag="653">
<subfield code="a">Entidades locales</subfield>
</datafield>
<datafield ind1=" " ind2=" " tag="653">
<subfield code="a">Federalismo</subfield>
</datafield>
<datafield ind1=" " ind2=" " tag="653">
<subfield code="a">Local power</subfield>
</datafield>
<datafield ind1=" " ind2=" " tag="653">
<subfield code="a">Autonomy</subfield>
</datafield>
<datafield ind1=" " ind2=" " tag="653">
<subfield code="a">Municipality</subfield>
</datafield>
<datafield ind1=" " ind2=" " tag="653">
<subfield code="a">Public management</subfield>
</datafield>
<datafield ind1=" " ind2=" " tag="653">
<subfield code="a">Intergovernmental relations</subfield>
</datafield>
<datafield ind1=" " ind2=" " tag="653">
<subfield code="a">Localism</subfield>
</datafield>
<datafield ind1=" " ind2=" " tag="653">
<subfield code="a">Federalism</subfield>
</datafield>
<datafield tag="245" ind1="0" ind2="0">
<subfield code="a">Autonomía y poder político: una batería de indicadores para su medición en el nivel local</subfield>
</datafield>
</record></metadata></record></GetRecord></OAI-PMH>